Central Library OPAC University of Rajshahi

সমকালীন বাংলা সাহিত্য / (Record no. 49181)

MARC details
000 -LEADER
fixed length control field 00986nam a2200241 a 4500
001 - CONTROL NUMBER
control field 49181
003 - CONTROL NUMBER IDENTIFIER
rucl marc code BD-RjUL
005 - DATE AND TIME OF LATEST TRANSACTION
control field 20211209054639.0
008 - FIXED-LENGTH DATA ELEMENTS--GENERAL INFORMATION
fixed length control field 160818s1989 bg ||||| |||| 00| 0 ben d
020 ## - INTERNATIONAL STANDARD BOOK NUMBER
Terms of availability : Tk.450.00
035 ## - SYSTEM CONTROL NUMBER
System control number (BD-RjUL)49300
040 ## - CATALOGING SOURCE
Original cataloging agency BD-RjUL
Language of cataloging ben
Transcribing agency BD-RjUL
Modifying agency BD-RjUL
041 ## - LANGUAGE CODE
Language code of text/sound track or separate title ben
082 ## - DEWEY DECIMAL CLASSIFICATION NUMBER
Edition number 23
Classification number 891.4409
Author mark and year SAM 1989
245 01 - TITLE STATEMENT
Title সমকালীন বাংলা সাহিত্য /
Statement of responsibility, etc. সম্পাদক, খান সারওয়ার মুরশিদ
250 ## - EDITION STATEMENT
Edition statement ১ম সং.
260 ## - PUBLICATION, DISTRIBUTION, ETC. (IMPRINT)
Place of publication, distribution, etc. ঢাকা :
Name of publisher, distributor, etc. এশিয়াটিক সোসাইটি,
Date of publication, distribution, etc. ১৯৮৯
300 ## - PHYSICAL DESCRIPTION
Pagination ৪০৬ পৃ. ;
Size ২৩ সেমি.
650 ## - SUBJECT ADDED ENTRY--TOPICAL TERM
Topical term or geographic name as entry element বাংলা সাহিত্য
Form subdivision ইতিহাস ও সমালোচনা
9 (RLIN) 122719
Topical term or geographic name as entry element Bengali literature
Form subdivision History and Criticism
9 (RLIN) 122720
700 ## - ADDED ENTRY--PERSONAL NAME
Personal name মুরশিদ, খান সারওয়ার সম্পাদক,
942 ## - ADDED ENTRY ELEMENTS (KOHA)
Source of classification or shelving scheme Dewey Decimal Classification
Koha item type Books
Holdings
Lost status Source of classification or shelving scheme Damaged status Not for loan Collection code Permanent Location Current Location Shelving location Date acquired Source of acquisition Cost, normal purchase price Total Checkouts Full call number Date last seen Date checked out Copy number Koha item type
  Dewey Decimal Classification     Non-fiction Central Library, University of Rajshahi Central Library, University of Rajshahi   02/02/2010 Asiatic Society 150.00 1 B 891.4409 SAM 1989 03/12/2025 03/12/2025 C-2 Books
  Dewey Decimal Classification     Non-fiction Central Library, University of Rajshahi Central Library, University of Rajshahi   17/07/2012 Asiatic Society, Dhaka. 150.00   B 891.4409 SAM 1989 01/11/2016   C-3 Books
  Dewey Decimal Classification     Non-fiction Central Library, University of Rajshahi Central Library, University of Rajshahi   02/02/2010 Asiatic Society, Dhaka. 150.00 1 B 891.4409 SAM 1989 19/05/2019 11/12/2018 C-4 Books
  Dewey Decimal Classification   Not For Loan Non-fiction Central Library, University of Rajshahi Central Library, University of Rajshahi Reading Room 02/02/2010 Dhaka , Asiatic Society of Bangladesh 150.00   B 891.4409 SAM 1989 26/02/2017   C-1 Books